Pippa's challenge. (Record no. 68)

MARC details
000 -LEADER
fixed length control field 00622cam a2200241 4500
005 - DATE AND TIME OF LATEST TRANSACTION
control field 20260322212005.0
008 - FIXED-LENGTH DATA ELEMENTS--GENERAL INFORMATION
fixed length control field data
010 ## - LIBRARY OF CONGRESS CONTROL NUMBER
LC control number 72075410
020 ## - INTERNATIONAL STANDARD BOOK NUMBER
International Standard Book Number 0151719802
020 ## - INTERNATIONAL STANDARD BOOK NUMBER
International Standard Book Number 9780151719808
040 ## - CATALOGING SOURCE
Original cataloging agency DLC
Transcribing agency DLC
Modifying agency DLC
050 00 - LIBRARY OF CONGRESS CALL NUMBER
Classification number QL795.C54
Item number A28 1972
082 00 - DEWEY DECIMAL CLASSIFICATION NUMBER
Classification number 599/.74428
092 ## - LOCALLY ASSIGNED DEWEY CALL NUMBER (OCLC)
Classification number 599 A28 1972
001 - CONTROL NUMBER
control field data
100 1# - MAIN ENTRY--PERSONAL NAME
Personal name Adamson, Joy.
245 10 - TITLE STATEMENT
Title Pippa's challenge.
Statement of responsibility, etc. Joy Adamson.
250 ## - EDITION STATEMENT
Edition statement [1st American ed.]
260 ## - PUBLICATION, DISTRIBUTION, ETC.
Place of publication, distribution, etc. New York,
Name of publisher, distributor, etc. Harcourt Brace Jovanovich
Date of publication, distribution, etc. [1972]
300 ## - PHYSICAL DESCRIPTION
Extent xiv, 177 p.
Other physical details illus.
Dimensions 25 cm.
500 ## - GENERAL NOTE
General note "A Helen and Kurt Wolff book."
650 #0 - SUBJECT ADDED ENTRY--TOPICAL TERM
Topical term or geographic name entry element Cheetah
General subdivision Biography.
Holdings
Withdrawn status Lost status Damaged status Not for loan Home library Current library Shelving location Date acquired Total checkouts Full call number Barcode Date last seen Price effective from Koha item type
        Centerville Centerville General stacks 22/03/2026   599/.74428 BC0010071 22/03/2026 22/03/2026 Books